| 000 | 00801nam a22001457a 4500 | ||
|---|---|---|---|
| 003 | OSt | ||
| 005 | 20150919112746.0 | ||
| 008 | 150919b xxu||||| |||| 00| 0 eng d | ||
| 040 | _cRUA | ||
| 082 | _aAGR SRE 2006 BO33 Or.1 | ||
| 100 |
_9858 _aSREY, CHANTHAN |
||
| 245 | _aEffect of A B fertilizers utilization on celery cabbage in hydroponics at royal university of agriculture's crop station,(ឥទ្ធពលនៃកាប្រ់ប្រាស់ជី អា បេ លើការលូតលាស់ដំណាំស្ពៃចង្កោះដាំក្នុងសូលុយស្យុងនៅស្ថានីពិសោធន៍ដំណាំ ណៃសាកលវិទ្យាល័យភូមិន្ធកសិកម្ម). | ||
| 300 | _aXIII,38p. | ||
| 942 |
_2ddc _cAGR |
||
| 999 |
_c827 _d827 |
||